| 000 | 00665nam a22001937a 4500 | ||
|---|---|---|---|
| 999 |
_c94300 _d94300 |
||
| 005 | 20221215105659.0 | ||
| 010 | _aENG-113291 ENG-135869 | ||
| 020 |
_c275.00 _a9350571358 |
||
| 020 |
_c275.00 _a9789350571354 |
||
| 035 | _aEN-96823 | ||
| 035 | _aEN-119401 | ||
| 037 | _bDBAD/PUB | ||
| 082 | _a483 | ||
| 245 |
_aConcise dictionary English-English : _ba perfect reference tool for aspirants of competitive examinations, educationists, students and general readers |
||
| 260 |
_aNew Delhi _bV & S Publishers _c2014 |
||
| 270 |
_aF-2/16, Ansari Road, Daryaganj _bNew Delhi _e110002 |
||
| 300 |
_a845p. _c24cm(pbk) |
||
| 942 |
_2ddc _cEN _mCON _h483 |
||